Statistics for mad woman - Taylor Swift (All Lyrics)

Click here to take the quiz!

General Stats

  • This quiz has been taken 1,231 times
  • The average score is 271 of 314

Answer Stats

Answer% Correct
a
99%
I
98%
mad
98%
women
98%
you
98%
You
98%
like
97%
No
97%
that
97%
What
97%
woman
97%
on
96%
she
96%
She
96%
when
96%
And
95%
and
95%
do
95%
Do
95%
The
95%
the
95%
to
95%
her
94%
one
94%
likes
93%
me
93%
say
93%
your
93%
shame
92%
went
92%
for
91%
made
91%
did
90%
be
88%
know
88%
see
88%
think
88%
Does
87%
does
87%
get
87%
I'd
87%
more
87%
angry
86%
about
85%
back
85%
crazy
85%
forever
85%
fuck
85%
nothing
85%
there's
85%
too
85%
call
84%
Every
84%
my
84%
My
84%
time
84%
will
84%
scorpion
83%
seem
83%
mouth
82%
or
82%
They
82%
but
81%
fighting
81%
home
81%
in
81%
out
81%
around
80%
drive
80%
kill
80%
smile
80%
sting
80%
come
79%
witches
78%
wrap
78%
claws
77%
hunting
77%
something
77%
bear
76%
Doing
76%
face
76%
find
76%
has
76%
Has
76%
til
76%
work
76%
dirtiest
75%
It's
75%
poke
75%
brought
74%
strike
74%
together
74%
two
74%
Cause
73%
dead
73%
you'll
73%
lawn
72%
noose
72%
really
72%
from
71%
of
71%
should
71%
wanting
71%
neighbor's
70%
everything
69%
I'm
69%
took
69%
won't
69%
always
68%
Good
67%
taking
66%
wives
66%
Over
65%
people
65%
master
64%
obvious
64%
couple
63%
move
63%
side
63%
Watching
63%
watching
63%
climb
62%
poke
62%
sing
62%
spin
60%
at
59%
all
58%
Now
56%
each
55%
talk
55%
flames
54%
breathe
53%
cannons
52%
flings
52%
yacht
52%
scathing
51%
firin
50%

Score Distribution

Percentile by Number Answered

Percent of People with Each Score

Your Score History

You have not taken this quiz